000 00784nam a2200217 a 4500
005 20241113063710.0
008 020604s2000 es r 000 0 spa d
020 _a8478272372
035 _aUPN01000117653
049 _aCG
050 4 _aLC212.91
_bS2.3
245 0 3 _aEl harén pedagógico :
_bperspectiva de género en la organización escolar /
_cG. Arenas ... [et al.] ; coord. M. A. Santos Guerra.
260 _aBarcelona, Esp. :
_bGraó,
_c2000.
300 _a164 p. :
_bcuadros.
440 0 _aBiblioteca de aula ;
_v149.
_pTransversalidad
650 4 _aSexismo en educación
_914887
650 4 _aIGUALDAD DE OPORTUNIDADES EN EDUCACION -
_zESPAÑA
_913862
700 1 _aArenas, Gloria,
_ecoaut.
700 1 _aSantos Guerra, Miguel Angel,
_d1942-
_ecoord.
_929955
905 _aLibro
999 _c90119
_d90119